Problems & Solutions in Quantum Computing & Quantum Information

Salvato in:
Dettagli Bibliografici
Autori principali: Steeb, Willi-Hans (Autore), Hardy, Yorick (Autore)
Natura: Libro
Lingua:inglese
Pubblicazione: New Jersey : World Scientific, 2004
Soggetti:
Tags: Aggiungi Tag
Nessun Tag, puoi essere il primo ad aggiungerne!!

MARC

LEADER 00000nam a22000003a 4500
001 stu137635
005 20150617225919.0
008 070205s2004----xxu-----------------eng-d
020 |a 981-238-789-7 
040 |a STU  |b slo 
041 0 |a eng 
044 |a xxu 
100 1 |a Steeb, Willi-Hans  |4 aut 
245 1 |a Problems & Solutions in Quantum Computing & Quantum Information 
260 |a New Jersey :  |b World Scientific,  |c 2004 
300 |a 249 s 
650 7 |a počítačová veda  |2 stusub 
700 1 |a Hardy, Yorick  |4 aut 
996 |b I5690  |c I*5690  |l II680  |s A  |a 24  |w stu137635_0001